BIBLIOTECA

SENCICO

Plantas de tratamiento de aguas residuales (Registro nro. 3327)

Detalles MARC
000 -LEADER
fixed length control field 00795nam a2200217Ia 4500
005 - DATE AND TIME OF LATEST TRANSACTION
control field 20251020182610.0
008 - FIXED-LENGTH DATA ELEMENTS--GENERAL INFORMATION
fixed length control field 200515s9999 xx 000 0 und d
082 ## - DEWEY DECIMAL CLASSIFICATION NUMBER
Classification number SC/628.38/M61
110 ## - MAIN ENTRY--CORPORATE NAME
Corporate name or jurisdiction name as entry element Ministerio de Transportes y Comunicaciones, Vivienda y Construcción
245 #0 - TITLE STATEMENT
Title Plantas de tratamiento de aguas residuales
260 ## - PUBLICATION, DISTRIBUTION, ETC.
Place of publication, distribution, etc. Lima
260 ## - PUBLICATION, DISTRIBUTION, ETC.
Date of publication, distribution, etc. 1997
300 ## - PHYSICAL DESCRIPTION
Extent 92
520 ## - SUMMARY, ETC.
Summary, etc. Criterios técnicos para el desarrollo de proyectos de tratamiento de aguas residuales en los niveles preliminar, básico y definitivo, y normar los procesos que deban experimentar las aguas residuales antes de su descarga o su re-utilización
650 ## - SUBJECT ADDED ENTRY--TOPICAL TERM
Topical term or geographic name entry element AGUAS RESIDUALES
650 ## - SUBJECT ADDED ENTRY--TOPICAL TERM
Topical term or geographic name entry element NORMAS
650 ## - SUBJECT ADDED ENTRY--TOPICAL TERM
Topical term or geographic name entry element PLANTAS DE TRATAMIENTO
650 ## - SUBJECT ADDED ENTRY--TOPICAL TERM
Topical term or geographic name entry element PUB SENCICO
650 ## - SUBJECT ADDED ENTRY--TOPICAL TERM
Topical term or geographic name entry element S-090
942 ## - ADDED ENTRY ELEMENTS (KOHA)
Koha item type Libros
Existencias
Fecha de la última vez que lo usaron Pago total Signatura topográfica completa Código de barras Precio efectivo desde Tipo de documento Estado perdido Estado dañado No es para préstamo Retirado Ubicación permanente Ubicación actual Fecha de adquisición
15/05/2020   SC/628.38/M61 Bib-Lima15053327 15/05/2020 Libros         Biblioteca Central Lima Biblioteca Central Lima 15/05/2020